000 01279nam0a2200313 i 4500
001 RU\NLR\BIBL_A\010821512
005 20260408184934.0
010 _a9785906254207
021 _aRU
_b2015-50740
_93003
035 _a(NILC)RuMoRGB-007974786
035 _a(NLR Aleph) 010821512
090 _a10245766
_c10245766
100 _a20150818d2015 m y0rusy50 ca
101 0 _arus
102 _aRU
105 _aa|||z|||000yy
200 1 _aСоло шахматного коня
_e[100 учебных этюдов с одним конем в финале]
_fС. Ткаченко
210 _aМосква
_cАндрей Ельков
_d2015
215 _a206, [1] с.
_cил.
_d15
225 1 _aСерия "Секреты шахматных фигур"
300 _aНа 4-й с. обл. авт.: Сергей Ткаченко, Засл. мастер спорта Украины по шахматам
606 _aШахматные этюды
_3RU\NLR\auth\661161863
_91914553
686 1 _aЧ515.815
700 1 _7ca
_8rus
_aТкаченко
_bС. Н.
_cшахматист, историк
_gСергей Николаевич
_9163153
_3RU\NLR\AUTH\770163197
801 0 _aRU
_bРГБ
_c20150713
_gRCR
942 _cBOOK
980 _aNBR